00482nam a2200121Ia 4500008004100000024005600041082002000097100008100117245007200198260002500270600003200295650003300327250506s9999 xx 000 0 und d a99A-053-CS, 99A-015-CS, 99A-061-CS & 99A-014-CS a621.3821072 HAS aFurqan Ahmed Hashmi, Muhammad Saqib Hasan, Umair Ahmed Khan & Sajeel Shaukat 0aTo Design and Implement Linux Based Internet Service Provider (ISP) aKarachi:bUIT,c1999 aComputer System Engineering aBachelor of Engineering (BE)